<?xml version="1.0" encoding="UTF-8"?>
<record
    xmlns:xsi="http://www.w3.org/2001/XMLSchema-instance"
    xsi:schemaLocation="http://www.loc.gov/MARC21/slim http://www.loc.gov/standards/marcxml/schema/MARC21slim.xsd"
    xmlns="http://www.loc.gov/MARC21/slim">

  <leader>00968nam a22002177a 4500</leader>
  <controlfield tag="003">OSt</controlfield>
  <controlfield tag="005">20250217141806.0</controlfield>
  <controlfield tag="008">241018b        |||||||| |||| 00| 0 eng d</controlfield>
  <datafield tag="040" ind1=" " ind2=" ">
    <subfield code="a">Chap</subfield>
    <subfield code="c">Chap</subfield>
  </datafield>
  <datafield tag="245" ind1="0" ind2="0">
    <subfield code="a">Cambridge Journal Collection</subfield>
  </datafield>
  <datafield tag="500" ind1=" " ind2=" ">
    <subfield code="a">343 t&#xED;tulos con factor de impacto.
Colecci&#xF3;n multidisciplinaria con acceso a texto completo y retrospectivo.
38 t&#xED;tulos en Acceso Abierto.
Tem&#xE1;ticas: Humanidades y ciencias del comportamiento, ley qu&#xED;mica y biolog&#xED;a, ciencias de la ingenier&#xED;a, econom&#xED;a y ciencias sociales, biotecnolog&#xED;a y ciencias agriculturales.</subfield>
  </datafield>
  <datafield tag="650" ind1=" " ind2="4">
    <subfield code="a">Econom&#xED;a</subfield>
    <subfield code="9">35226</subfield>
  </datafield>
  <datafield tag="650" ind1=" " ind2="4">
    <subfield code="a">Humanidades</subfield>
    <subfield code="x">Filosof&#xED;a</subfield>
    <subfield code="9">127629</subfield>
  </datafield>
  <datafield tag="650" ind1=" " ind2="4">
    <subfield code="a">Qu&#xED;mica</subfield>
    <subfield code="9">93552</subfield>
  </datafield>
  <datafield tag="650" ind1=" " ind2="4">
    <subfield code="a">Biolog&#xED;a</subfield>
    <subfield code="9">12773</subfield>
  </datafield>
  <datafield tag="650" ind1=" " ind2="4">
    <subfield code="a">Biotecnolog&#xED;a</subfield>
    <subfield code="9">12878</subfield>
  </datafield>
  <datafield tag="856" ind1=" " ind2=" ">
    <subfield code="u">http://www.cambridge.org/core</subfield>
    <subfield code="z">ACCESO RED UACh</subfield>
  </datafield>
  <datafield tag="856" ind1=" " ind2=" ">
    <subfield code="u">https://chapingo.idm.oclc.org/login?url=http://www.cambridge.org/core</subfield>
    <subfield code="z">ACCESO EXTERNO</subfield>
  </datafield>
  <datafield tag="942" ind1=" " ind2=" ">
    <subfield code="2">local</subfield>
  </datafield>
  <datafield tag="942" ind1=" " ind2=" ">
    <subfield code="c">ITEMRECELE</subfield>
  </datafield>
  <datafield tag="999" ind1=" " ind2=" ">
    <subfield code="c">220199</subfield>
    <subfield code="d">220199</subfield>
  </datafield>
  <datafield tag="952" ind1=" " ind2=" ">
    <subfield code="0">0</subfield>
    <subfield code="1">0</subfield>
    <subfield code="2">local</subfield>
    <subfield code="4">0</subfield>
    <subfield code="7">0</subfield>
    <subfield code="8">OA</subfield>
    <subfield code="a">BD</subfield>
    <subfield code="b">BD</subfield>
    <subfield code="c">E_L</subfield>
    <subfield code="d">2024-10-21</subfield>
    <subfield code="l">0</subfield>
    <subfield code="r">2024-10-21 18:30:29</subfield>
    <subfield code="w">2024-10-21</subfield>
    <subfield code="y">OA-REV</subfield>
  </datafield>
</record>
